000 00495nam a2200145Ia 4500
008 230917s9999||||xx |||||||||||||| ||und||
040 _e177398
_aMAIN
041 _aEnglish
082 _a891.431731 HM761M
100 _aहुड्डा, मनोज कुमार
245 0 _aमै मृत्यु मनाता हूँ शोक से घबराता हूँ
260 _aरोहतक
_bआचार्य अकादमी
_c2008
300 _a167 p.
942 _cHN
999 _c132189
_d132189